| 000 | 00650nam a2200205Ia 4500 | ||
|---|---|---|---|
| 999 |
_c23181 _d23181 |
||
| 082 | _a305.50954 SOC; | ||
| 245 | 0 | _aSocial structure and change | |
| 260 |
_aNew Delhi _bSage Publications _c1996 |
||
| 300 | _a234p. | ||
| 500 | _aContents: Vol.2. Women in Indian Society (81-9036-544-9)(586p.) - v.3.Complex Organizations and Urban Communities(81-7036-543-0)(285p.) | ||
| 650 | _aUrbanization - India | ||
| 650 | _aSocial classes - India | ||
| 650 | _aSociology | ||
| 650 | _aSocial change - India | ||
| 650 | _aSocial structure - India | ||
| 700 | _aShah, A.M. | ||
| 700 | _aRamaswamy, E.A. | ||
| 700 | _aBaviskar, B.S. | ||
| 942 |
_cBK _2ddc |
||